Estatísticas para Músicas de Natal

Clique aqui para jogar o quiz

Estatísticas Gerais

  • Esse quiz foi jogado 20 vezes
  • A pontuação média é 4 de 15

Estatísticas das Respostas

HintResposta% Correto
Mariah CareyAll I Want For Christmas
89%
It's Beginning To Look A Lot Like ChristmasMichael Bublé
68%
Last ChristmasWham
58%
MistletoeJustin Bieber
47%
José FelicianoFeliz Navidad
26%
Merry ChristmasEd Sheeran ft Elton John
16%
It's The Most Wonderful Time Of The YearAndy Williams
11%
Let It Snow, Let It Snow, Let It Snow!Dean Martin
11%
Bobby HelmsJingle Bell Rock
11%
Bryan AdamsChristmas Time
5%
Alexandra BurkerHallelujah
5%
Burl IvesHolly Jolly Christmas
5%
Silent NightCeltic Woman
0%
Rockin' Around the Christmas TreeJohnny Marks
0%
Nat King ColeThe Christams Song
0%

Distribuição das Pontuações

Percentil de Números Respondidos

Porcentagem de Pessoas com Cada Pontuação

Sua Pontuação Histórica

Você não jogou esse quiz